International Island Games Association Members - Statistics

General Stats
  • This quiz has been taken 8 times
  • The average score is 16 of 24
Answer Stats
Answer % Correct
Falkland Islands
100%
Faroe Islands
100%
Greenland
100%
Guernsey
100%
Jersey
100%
Bermuda
86%
Isle of Man
86%
Shetland
86%
Ynys Môn
86%
Gibraltar
71%
Orkney
71%
Sark
71%
Åland
57%
Gotland
57%
Hitra
57%
Cayman Islands
43%
Gozo
43%
Isle of Wight
43%
Menorca
43%
Saaremaa
43%
Saint Helena
43%
Western Isles
43%
Alderney
29%
Frøya
29%
No matching quizzes found
Score Distribution
Percent of People with Each Score
Percentile by Number Answered
Your Score History
You have not taken this quiz